Bayer 04 Leverkusen Frauen Kader 24/25 - Statistiken

Allgemein
  • Dieses Quiz wurde 14 mal gespielt
  • Das Durchschnittsergebnis liegt bei 14 aus 25
Antwortstatistiken
Trikotnummer Position Spielerin % Korrekt
11 Mittelfeld Kristin Kögel
88%
9 Mittelfeld Caroline Kehrer
75%
1 Tor Charlotte Voll
75%
7 Angriff Cornelia Kramer
75%
27 Tor Friederike Repohl
75%
5 Abwehr Janou Levels
75%
18 Mittelfeld Karolina Lea Vilhjalmsdottir
75%
24 Abwehr Lilla Turanyi
75%
19 Mittelfeld Loreen Bender
75%
2 Abwehr Selina Ostermeier
75%
34 Tor Anne Moll
63%
56 Abwehr Juliette Vidal
63%
6 Mittelfeld Katharina Piljic
63%
3 Abwehr Melissa Friedrich
63%
20 Angriff Estrella Merino Gonzalez
50%
12 Abwehr Julia Mickenhagen
50%
8 Mittelfeld Paulina Bartz
50%
28 Abwehr Shen Menglu
50%
16 Mittelfeld Sofie Zdebel
50%
23 Angriff Delice Boboy
38%
30 Mittelfeld Ida Daedelow
38%
22 Mittelfeld Ruby Grant
38%
10 Mittelfeld Synne Skinnes Hansen
38%
21 Abwehr Sofia Cava Marin
13%
13 Angriff Vanessa Haim
13%
Keine übereinstimmenden Quizze gefunden
Verteilung der Resultate
Anzahl Personen mit jedem Resultat
Perzentil nach korrekt beantworteten Fragen
Ihre Resultats-Entwicklung
Sie haben dieses Quiz noch nicht gespielt